Οργάνωση Λογιστηρίου / Παραστατικά - Λογιστικά Βιβλία - Σχέδιο Λογαριασμών σύμφωνα με το Ε.Γ.Λ.Σ. - Μηχανοργάνωση Λογιστηρίου (Record no. 5120)
[ view plain ]
| 000 -LEADER | |
|---|---|
| fixed length control field | 01329cam a22001814a 4500 |
| 005 - ΗΜΕΡΟΜΗΝΙΑ ΚΑΙ ΩΡΑ ΤΕΛΕΥΤΑΙΑΣ ΕΝΗΜΕΡΩΣΗΣ | |
| Πεδίο ελέγχου | 20250605164204.0 |
| 008 - FIXED-LENGTH DATA ELEMENTS--GENERAL INFORMATION | |
| Πεδίο ελέγχου σταθερού μήκους | 250528s ||||||||||||||||||||||||d |
| 035 ## - SYSTEM CONTROL NUMBER | |
| System control number | 19877 |
| 040 ## - ΠΗΓΗ ΚΑΤΑΛΟΓΟΓΡΑΦΗΣΗΣ | |
| Φορέας πρωτότυπης καταλογογράφησης | MC Athens Campus Library |
| Γλώσσα καταλογογράφησης | Ελληνικά, Μοντέρνα (1453-) |
| Modifying agency | MC Athens Campus Library |
| Κανόνες περιγραφικής καταλογογράφησης | AACR2 |
| 245 1# - ΤΙΤΛΟΣ ΚΑΙ ΔΗΛΩΣΗ ΥΠΕΥΘΥΝΟΤΗΤΑΣ | |
| Τίτλος | Οργάνωση Λογιστηρίου / Παραστατικά - Λογιστικά Βιβλία - Σχέδιο Λογαριασμών σύμφωνα με το Ε.Γ.Λ.Σ. - Μηχανοργάνωση Λογιστηρίου |
| 260 ## - PUBLICATION, DISTRIBUTION, ETC. | |
| Name of publisher, distributor, etc. | Interbooks, |
| Date of publication, distribution, etc. | 1994 |
| 300 ## - PHYSICAL DESCRIPTION | |
| Extent | 200 |
| 520 ## - SUMMARY, ETC. | |
| Summary, etc. | Εισαγωγή, Γενικές Αρχές Οργάνωσης Λογιστηρίου, Δικαιολογητικά Έγγραφα και Οργάνωση Αυτών, Λογιστικά Βιβλία, Οι Λογαριασμοί από Οργανωτική Άποψη, Μηχανοργάνωση Λογιστηρίου, Το Ανθρώπινο Δυναμικό του Λογιστηρίου και η Εποπτεία του, Χωροθέτηση και Εξοπλισμός του Λογιστηρίου, Πρόσθετες Υποχρεώσεις των Επιχειρήσεων προς το Δημόσιο και η Διεκπεραίωση Αυτών από το Λογιστήριο. |
| 700 1# - ΠΡΟΣΘΕΤΗ ΑΝΑΓΡΑΦΗ--ΦΥΣΙΚΟ ΠΡΟΣΩΠΟ | |
| Personal name | Ροδοσθένους Μαρία |
| 9 (RLIN) | 6027 |
| 942 ## - ADDED ENTRY ELEMENTS (KOHA) | |
| Koha item type | Books |
| Τύπος τεκμηρίου | Βιβλιοθήκη | Τρέχουσα τοποθεσία | Barcode | Αριθμός εισαγωγής | Ημερομηνία απόκτησης | Ταξιθετικό σύμβολο | Αριθμός αντιτύπου | Κατάσταση απόσυρσης | Κατάσταση χαμένου | Κατάσταση κατεστραμμένου | Μη δανεισμός | Σύνολο δανεισμών | Ημερομηνία τελευταίας εμφάνισης | Η τιμή ισχύει από |
|---|---|---|---|---|---|---|---|---|---|---|---|---|---|---|
| Books | MC Athens Campus Library | MC Athens Campus Library | 9780000051196 | 6037 | 05/06/2025 | 657.0285 ROD | 1 | 05/06/2025 | 05/06/2025 |